| Tag |
First Indicator |
Second Indicator |
Subfields |
| LEADER |
00000cam a2200000Ia 4500 |
| 001 |
in00002783826 |
| 005 |
20150922144841.0 |
| 008 |
120602s2012 gw a b 001 0 eng d |
| 020 |
|
|
|a 9783642311185
|
| 020 |
|
|
|a 3642311180
|
| 035 |
|
|
|a (OCoLC)ocn794710536
|
| 035 |
|
|
|a (OCoLC)794710536
|
| 040 |
|
|
|a BTCTA
|b eng
|c BTCTA
|d YDXCP
|d BWX
|d CDX
|d TXA
|d UtOrBLW
|
| 049 |
|
|
|a TXAM
|
| 050 |
|
4 |
|a QA76.9.S63
|
| 050 |
|
4 |
|a BD161
|b .D66 2013
|
| 082 |
0 |
4 |
|a 006.3
|
| 100 |
1 |
|
|a Dompere, K. K.
|
| 245 |
1 |
4 |
|a The theory of the knowledge square :
|b the fuzzy rational foundations of the knowledge-production systems /
|c Kofi Kissi Dompere.
|
| 264 |
|
1 |
|a Berlin ;
|a New York :
|b Springer,
|c [2013]
|
| 264 |
|
4 |
|c ©2013
|
| 300 |
|
|
|a xxxi, 209 pages :
|b illustrations ;
|c 24 cm.
|
| 336 |
|
|
|a text
|b txt
|2 rdacontent
|
| 337 |
|
|
|a unmediated
|b n
|2 rdamedia
|
| 338 |
|
|
|a volume
|b nc
|2 rdacarrier
|
| 490 |
1 |
|
|a Studies in fuzziness and soft computing,
|x 1434-9922 ;
|v 289
|
| 504 |
|
|
|a Includes bibliographical references and index.
|
| 650 |
|
0 |
|a Knowledge, Theory of.
|
| 650 |
|
0 |
|a Fuzzy logic.
|
| 650 |
|
0 |
|a Soft computing.
|
| 650 |
|
0 |
|a Science
|x Philosophy.
|
| 830 |
|
0 |
|a Studies in fuzziness and soft computing ;
|v v. 289.
|
| 945 |
|
|
|a PromptCat
|b 99270
|
| 946 |
|
|
|a stk
|
| 947 |
|
|
|a A14835931908
|
| 994 |
|
|
|a C0
|b TXA
|
| 948 |
|
|
|a cataloged
|b h
|c 2012/11/30
|d c
|e nbehmer
|f 3:24:16 pm
|
| 999 |
|
|
|a MARS
|
| 999 |
f |
f |
|s 9bd0e940-fd3b-33d3-899e-17ce05993db1
|i a45f75de-6065-31c4-ae25-3cb709958860
|t 0
|
| 952 |
f |
f |
|p normal
|a Texas A&M University
|b College Station
|c Sterling C. Evans Library
|d Evans: Library Stacks
|t 0
|e BD161 .D66 2013
|h Library of Congress classification
|i unmediated -- volume
|m A14835931908
|
| 998 |
f |
f |
|a BD161 .D66 2013
|t 0
|l Evans: Library Stacks
|